000
00229nam a22000977a 4500
003
SGT
245
_a
Journal of scientific & industrial research
260
_b
Indian National Science Academy
_c
2019
300
_a
600
942
_2
ddc
_c
BV
999
_c
29056
_d
29056